000 00513nam a2200181Ia 4500
003 IN-BaIIA
008 211028s9999 xx 000 0 eng d
040 _cIIA Library
080 _a535.33
_bHER-1
100 _aHerzberg, G.
_91803
245 0 _aInfrared and raman spectra of polyatomic molecules
_cG. Herzberg
260 _aNew York
_bD. Van Nostrand
_c1946
300 _axiii, 632p.
650 _aPolyatomic molecules
_91804
650 _aRaman spectra
_91805
650 _aSpectroscopy
_91535
942 _cBK
999 _c843
_d843